00591cam a2200181 a 450000100100000000500170001000800410002702000150006804000250008308200180010810000330012624500570015926000740021630000210029058600400031165000220035165000360037300000878520200929161417.0970514s1996 ck 001 f spa  a9586122506 aDO-SdBNPbspacBNPHU aC863.44bE18c1 aEcheverry R., Javier,d1949-13aEl camino del caimán /cJavier Echeverri Restrepo. aSantafé de Bogota, (Colombia) :bColcultura :bTercer Mundo,c1996. a198 p. ;c21 cm. aPremios nacionales de cultura, 1995 4aNovela colombiana 4aLiteratura colombianaySIGLO XX